| 000 | 03028nam0a2200469 4500 | ||
|---|---|---|---|
| 001 | RU\NLR\BIBL_A\011990615 | ||
| 005 | 20250809113134.0 | ||
| 020 |
_aRU _9Ленинград в Великой Отечественной войне. Коллекция. Афиши |
||
| 035 | _a(NLR Aleph) 011990615 | ||
| 090 |
_a11450 _c11450 |
||
| 100 | _a20190416d1944 u y0rusy50 ca | ||
| 101 | 0 | _arus | |
| 102 | _aRU | ||
| 105 | _ay z 000zy | ||
| 135 | _acrcn 024anaba | ||
| 200 | 1 |
_aАвгуст 1944 г. [Репертуар _eафиша] _fУправление по делам искусств Исполкома Ленгорсовета, Зал камерных концертов |
|
| 210 |
_a[Ленинград] _cЛТ УН-9 _d1944 |
||
| 215 |
_a1 л. _d57x40 |
||
| 300 | _aНачало в 19 ч. 30 м. Билеты продаются ежедневно в кассе зала с 11 ч. 30 м. до 20 час. | ||
| 300 | _aЗак. 2049 | ||
| 325 | _aКопия доступна в Электрон. б-ке РНБ | ||
| 327 | _aВторник 29. Анна Каренина: композиция по роману Л. Толстого Н.М. Железновой. В главных ролях: Н.М. Железнова, Г.К. Кузнецов и И.П. Новский. Постановка Заслуженного артиста РСФСР Е.П. Студенцова. Среда 30. Дядюшка на трех ногах: водевиль П. Каратыгина. С указанием действующих лиц. Виц-мундир: водевиль П. Каратыгина. С указанием действующих лиц. Постановка О.А. Смирновой. Муз. сопровождение О.А. Норейко. Четверг 31. Анна Каренина | ||
| 606 | 1 |
_aТеатральная жизнь _yЛенинград, город _z1941 - 1944 _jАфиши _2nlr_sh2 _3RU\NLR\AUTH\6601649837 |
|
| 686 | _aЩ333(2Р=Рус)7-692Ленинград | ||
| 710 | 0 | 2 |
_aЗал камерных концертов _cЛенинград _3RU\NLR\AUTH\880495405 |
| 852 |
_aNLR _jЛ3-330а/12/2/1944-авг. (2) |
||
| 856 | 0 | _uhttp://vivaldi.nlr.ru/la700000393/view | |
| 856 | 1 | _uhttp://vivaldi.nlr.ru/la700000393/cover | |
| 856 | 2 | _uhttp://vivaldi.nlr.ru/la700000393/text | |
| 942 | _cVISUAL | ||
| 945 | _aРоссийская национальная библиотека | ||
| 980 | _aNB | ||
| 980 | _aBV | ||
| 980 | 3 | _akplen | |
| 980 | 3 | _akp | |
| 981 | 3 | 7 |
_a(37) Ленинград в Великой Отечественной войне _b(37) Афиши блокадного Ленинграда |